[Event "Sarajevo Agentlocator Cup op 2nd"]
[Site "Sarajevo"]
[Date "2021.12.26"]
[Round "5"]
[White "Kurtcehajic, Suad"]
[Black "Dizdarevic, Emir"]
[Result "0-1"]
[WhiteElo "1978"]
[BlackElo "2382"]
[PlyCount "76"]
[EventDate "2021.12.23"]
[EventType "tourn"]
[EventRounds "9"]
[EventCountry "BIH"]
[SourceTitle "CBM 206 Extra"]
[Source "ChessBase"]
[SourceDate "2022.03.31"]
[SourceVersion "1"]
[SourceVersionDate "2022.03.31"]
[SourceQuality "1"]

1. e4 c6 2. d4 d5 3. exd5 cxd5 4. Bd3 Nc6 5. c3 e6 6. Nf3 Bd6 7. 0-0 Nge7 8. Re1 0-0 9. Bxh7+ Kxh7 10. Ng5+ Kg6 11. h4 Rh8 12. Qd3+ f5 13. f4 Rxh4 14. Qg3 Rg4 15. Qh3 Rxg5 16. fxg5 Bd7 17. Nd2 Qh8 18. Nf3 Qxh3 19. gxh3 Rh8 20. Kg2 Kf7 21. Bd2 Ng6 22. Rh1 e5 23. dxe5 Ncxe5 24. Nd4 Nc6 25. Raf1 Nxd4 26. cxd4 Rh4 27. Be3 Rh5 28. Bd2 f4 29. Kf3 Rxg5 30. Be1 Bf5 31. Rhg1 Rh5 32. h4 Nxh4+ 33. Bxh4 Rxh4 34. Rg5 Be4+ 35. Ke2 Rh2+ 36. Rf2 f3+ 37. Ke1 Bb4+ 38. Kf1 Rh1+ 0-1

[Event "Sarajevo-ch"]
[Site "Sarajevo"]
[Date "2021.06.05"]
[Round "9"]
[White "Halilovic, Fahrudin"]
[Black "Kurtcehajic, Suad"]
[Result "0-1"]
[WhiteElo "2048"]
[BlackElo "1955"]
[PlyCount "146"]
[EventDate "2021.05.30"]
[EventType "tourn"]
[EventRounds "9"]
[EventCountry "BIH"]
[SourceTitle "CBM 202 Extra"]
[Source "ChessBase"]
[SourceDate "2021.07.31"]
[SourceVersion "1"]
[SourceVersionDate "2021.07.31"]
[SourceQuality "1"]

1. e4 c6 2. d4 d5 3. e5 Bf5 4. h4 c5 5. g4 Bd7 6. c3 cxd4 7. cxd4 Nc6 8. f4 Qb6 9. Nc3 Qxd4 10. Bd2 e6 11. Nf3 Qb6 12. Bd3 Nb4 13. Bb1 d4 14. Ne4 Bc6 15. Rh3 0-0-0 16. Nfg5 Nh6 17. a3 Nd5 18. Qc1 Ne3 19. Ba2 Kb8 20. Nf2 Bg2 21. Rxe3 dxe3 22. Bxe3 Qc6 23. Qb1 Bc5 24. Qc1 Rc8 25. Qxc5 Qxc5 26. Bxc5 Rxc5 27. Nd3 Rc7 28. Kf2 Rd8 29. Rd1 Rc2+ 30. Kg3 Bc6 31. Nf3 Re2 32. Nc1 Rxd1 33. Nxe2 Bxf3 34. Kxf3 Rd2 35. f5 exf5 36. gxf5 Nxf5 37. Bxf7 Nxh4+ 38. Ke3 Rxb2 39. Nd4 Kc7 40. Ne6+ Kd7 41. Nxg7 Rg2 42. Nh5 Ke7 43. e6 Nf5+ 44. Kf3 Rh2 45. Nf4 Nd4+ 46. Kg3 Rh6 47. Nd5+ Kf8 48. Nf4 Rf6 49. Nd5 Rxf7 50. exf7 Kxf7 51. Kf4 Ke6 52. Ke4 Nb5 53. a4 Nd6+ 54. Kd4 b6 55. Nc3 a6 56. Nd5 b5 57. Nc7+ Kf5 58. Kc5 bxa4 59. Kb4 a3 60. Kb3 Nb5 61. Nd5 h5 62. Ne7+ Kg4 63. Ng6 h4 64. Nxh4 Kxh4 65. Ka2 Kg3 66. Ka1 Kf3 67. Ka2 Ke3 68. Ka1 Kd3 69. Ka2 Kc3 70. Ka1 Kb3 71. Kb1 Nd4 72. Kc1 a2 73. Kd2 a1Q 0-1

[Event "Sarajevo-ch"]
[Site "Sarajevo"]
[Date "2021.05.30"]
[Round "1"]
[White "Kurtcehajic, Suad"]
[Black "Drino, Faris"]
[Result "0-1"]
[WhiteElo "1955"]
[BlackElo "1828"]
[PlyCount "54"]
[EventDate "2021.05.30"]
[EventType "tourn"]
[EventRounds "9"]
[EventCountry "BIH"]
[SourceTitle "CBM 202 Extra"]
[Source "ChessBase"]
[SourceDate "2021.07.31"]
[SourceVersion "1"]
[SourceVersionDate "2021.07.31"]
[SourceQuality "1"]

1. e4 e5 2. Nf3 Nc6 3. Bc4 Nf6 4. d3 Bc5 5. 0-0 d6 6. c3 0-0 7. b4 Bb6 8. a4 a5 9. b5 Ne7 10. h3 Ng6 11. Re1 c6 12. bxc6 bxc6 13. Bb3 h6 14. d4 d5 15. exd5 e4 16. Ne5 cxd5 17. Nxg6 fxg6 18. Nd2 Kh8 19. f3 Nh5 20. fxe4 Qh4 21. Nf3 Rxf3 22. gxf3 Qg3+ 23. Kh1 Qxh3+ 24. Kg1 Qg3+ 25. Kh1 Qf2 26. Rg1 Qh4+ 27. Kg2 Bh3+ 0-1

[Event "Sarajevo-ch"]
[Site "Sarajevo"]
[Date "2019.03.18"]
[Round "7"]
[White "Sitnic, Ahmed"]
[Black "Kurtcehajic, Suad"]
[Result "1/2-1/2"]
[WhiteElo "1841"]
[BlackElo "1982"]
[PlyCount "100"]
[EventDate "2019.03.12"]
[EventType "tourn"]
[EventRounds "9"]
[EventCountry "BIH"]
[SourceTitle "CBM 189 Extra"]
[Source "ChessBase"]
[SourceDate "2019.06.03"]
[SourceVersion "1"]
[SourceVersionDate "2019.06.03"]
[SourceQuality "1"]

1. d4 d5 2. Nf3 Nf6 3. Bf4 Bf5 4. e3 e6 5. Bd3 Bxd3 6. Qxd3 c6 7. h3 Bd6 8. Ne5 Qc7 9. Nd2 Nfd7 10. Qb3 0-0 11. Ndf3 Nxe5 12. Bxe5 Nd7 13. Bxd6 Qxd6 14. 0-0 Rab8 15. c4 dxc4 16. Qxc4 Qd5 17. Qa4 a6 18. Rac1 Rfc8 19. Rfd1 h6 20. Qa3 Re8 21. b3 g5 22. Qb2 Qf5 23. Kh2 Kh7 24. Qc2 Qxc2 25. Rxc2 Rbd8 26. Kg3 Kg7 27. Nd2 Nb6 28. Nc4 Nxc4 29. bxc4 b6 30. Rb1 Rb8 31. Rcb2 b5 32. a4 Rb6 33. cxb5 cxb5 34. Kf3 Kf6 35. Rc1 Reb8 36. Rcb1 b4 37. a5 Rb5 38. Ke4 Rxa5 39. Rxb4 Rxb4 40. Rxb4 Ra2 41. Kf3 a5 42. Rb7 a4 43. Ra7 h5 44. Ra8 a3 45. Ra7 Ra1 46. Ra8 Ke7 47. Ra7+ Ke8 48. Ke4 Kf8 49. Ra5 a2 50. Ra7 Kg7 1/2-1/2

[Event "Sarajevo-ch"]
[Site "Sarajevo"]
[Date "2019.03.15"]
[Round "4"]
[White "Kurtcehajic, Suad"]
[Black "Dizdarevic, Emir"]
[Result "0-1"]
[WhiteElo "1982"]
[BlackElo "2430"]
[PlyCount "50"]
[EventDate "2019.03.12"]
[EventType "tourn"]
[EventRounds "9"]
[EventCountry "BIH"]
[SourceTitle "CBM 189 Extra"]
[Source "ChessBase"]
[SourceDate "2019.06.03"]
[SourceVersion "1"]
[SourceVersionDate "2019.06.03"]
[SourceQuality "1"]

1. e4 e6 2. d4 d5 3. Nd2 c5 4. Ngf3 cxd4 5. exd5 Qxd5 6. Bc4 Qd8 7. 0-0 a6 8. a4 Qc7 9. Qe2 Nc6 10. Nb3 Bd6 11. Rd1 Nge7 12. Nbxd4 Bd7 13. h3 Ne5 14. Nxe5 Bxe5 15. c3 Ng6 16. Nf3 Bf6 17. Bd3 Bc6 18. Be4 0-0 19. Bxc6 Qxc6 20. Bg5 Rad8 21. Bxf6 gxf6 22. Rxd8 Rxd8 23. Rd1 Rxd1+ 24. Qxd1 Nf4 25. g3 Nxh3+ 0-1

[Event "Sarajevo Bosna op 48th"]
[Site "Sarajevo"]
[Date "2018.05.10"]
[Round "8"]
[White "Terzic, Enes"]
[Black "Kurtcehajic, Suad"]
[Result "1/2-1/2"]
[WhiteElo "1716"]
[BlackElo "1994"]
[PlyCount "103"]
[EventDate "2018.05.05"]
[EventType "swiss"]
[EventRounds "9"]
[EventCountry "BIH"]
[SourceTitle "CBM 184 Extra"]
[Source "ChessBase"]
[SourceDate "2018.06.28"]
[SourceVersion "1"]
[SourceVersionDate "2018.06.28"]
[SourceQuality "1"]

1. e4 c6 2. d3 d5 3. Nd2 e5 4. Ngf3 Bd6 5. Be2 Nf6 6. 0-0 0-0 7. c3 Re8 8. Qc2 Bg4 9. Re1 Nbd7 10. Nf1 Bc5 11. b4 Bb6 12. Bg5 h6 13. Bh4 Nf8 14. a3 Ng6 15. Bg3 Nh5 16. Nd4 exd4 17. Bxg4 Nxg3 18. Nxg3 dxc3 19. Qxc3 dxe4 20. Nf5 Ne5 21. Rxe4 Qxd3 22. Qxd3 Nxd3 23. Rxe8+ Rxe8 24. Bf3 Nxf2 25. Kf1 Ne4 26. Rd1 Nf6 27. a4 Rd8 28. Rxd8+ Bxd8 29. Nd6 Be7 30. Nxb7 Bxb4 31. Bxc6 Kf8 32. h3 Ke7 33. Ke2 Nd7 34. Ke3 Nb8 35. Bd5 Kd7 36. Bxf7 Kc7 37. Bd5 Nc6 38. Bxc6 Kxc6 39. Nd8+ Kb6 40. Kd3 Be7 41. Ne6 Ka5 42. Nxg7 Kxa4 43. Nf5 Bf8 44. Kc4 a5 45. Nd4 Ka3 46. g4 a4 47. h4 Kb2 48. Nb5 Be7 49. g5 Bxg5 50. hxg5 hxg5 51. Kb4 g4 52. Kxa4 1/2-1/2

[Event "Sarajevo Bosna op 48th"]
[Site "Sarajevo"]
[Date "2018.05.08"]
[Round "6"]
[White "Pleh, Semir"]
[Black "Kurtcehajic, Suad"]
[Result "1/2-1/2"]
[WhiteElo "1766"]
[BlackElo "1994"]
[PlyCount "62"]
[EventDate "2018.05.05"]
[EventType "swiss"]
[EventRounds "9"]
[EventCountry "BIH"]
[SourceTitle "CBM 184 Extra"]
[Source "ChessBase"]
[SourceDate "2018.06.28"]
[SourceVersion "1"]
[SourceVersionDate "2018.06.28"]
[SourceQuality "1"]

1. c4 e6 2. Nf3 d5 3. d4 Nf6 4. g3 c6 5. Bg2 dxc4 6. Ne5 Bb4+ 7. Nc3 Nd5 8. Bd2 Nb6 9. e3 N8d7 10. Nf3 0-0 11. 0-0 Nf6 12. Qc2 Re8 13. Ne5 Bd6 14. f4 Bd7 15. Ne2 Bxe5 16. fxe5 Nfd5 17. e4 Ne7 18. Rf2 Ng6 19. Raf1 Nh8 20. Bb4 a5 21. Bc5 Nc8 22. Qxc4 b6 23. Bd6 Nxd6 24. exd6 e5 25. dxe5 Rxe5 26. Qd4 f6 27. Nf4 Nf7 28. Rd2 b5 29. Rc1 Qb8 30. h4 Qa7 31. Qxa7 Rxa7 1/2-1/2

[Event "BIH-chT 15th"]
[Site "Bihac"]
[Date "2016.07.21"]
[Round "6.3"]
[White "Kurtcehajic, Suad"]
[Black "Narancic, Vlado"]
[Result "0-1"]
[WhiteElo "2040"]
[BlackElo "2299"]
[PlyCount "84"]
[EventDate "2016.07.16"]
[EventType "team-tourn"]
[EventRounds "9"]
[EventCountry "BIH"]
[SourceTitle "CBM 173 Extra"]
[Source "ChessBase"]
[SourceDate "2016.08.29"]
[SourceVersion "1"]
[SourceVersionDate "2016.08.29"]
[SourceQuality "1"]
[WhiteTeam "Gorazde"]
[BlackTeam "Srbac"]
[WhiteTeamCountry "BIH"]
[BlackTeamCountry "BIH"]

1. e4 d6 2. d4 c6 3. Nf3 Nf6 4. Nc3 g6 5. Be3 Bg7 6. Qd2 Ng4 7. Bf4 e5 8. dxe5 dxe5 9. Qxd8+ Kxd8 10. Bg3 f6 11. Bc4 Nd7 12. 0-0-0 Ke7 13. h3 Nh6 14. Rhe1 b5 15. Bf1 Nf7 16. Nd2 a5 17. a4 b4 18. Ne2 Bh6 19. Kb1 Bxd2 20. Rxd2 Nc5 21. Nc1 Nxa4 22. f3 Be6 23. Bf2 Rhb8 24. Ka1 Nb6 25. b3 Nd7 26. Kb2 a4 27. Red1 a3+ 28. Ka2 Rb7 29. Nd3 Ra5 30. g4 g5 31. Ne1 Nc5 32. Bxc5+ Rxc5 33. Ng2 Rc3 34. Ne1 c5 35. Rd3 Rxd3 36. Bxd3 Nd6 37. Ng2 c4 38. bxc4 Nxc4 39. Ka1 b3 40. cxb3 Nb2 41. Rd2 Rd7 42. Ne1 Bxb3 0-1

[Event "BIH-chT 15th"]
[Site "Bihac"]
[Date "2016.07.18"]
[Round "3.5"]
[White "Kurtcehajic, Suad"]
[Black "Mrndjic, Armin"]
[Result "0-1"]
[WhiteElo "2040"]
[BlackElo "2166"]
[PlyCount "88"]
[EventDate "2016.07.16"]
[EventType "team-tourn"]
[EventRounds "9"]
[EventCountry "BIH"]
[SourceTitle "CBM 173 Extra"]
[Source "ChessBase"]
[SourceDate "2016.08.29"]
[SourceVersion "1"]
[SourceVersionDate "2016.08.29"]
[SourceQuality "1"]
[WhiteTeam "Gorazde"]
[BlackTeam "Konjic"]
[WhiteTeamCountry "BIH"]
[BlackTeamCountry "BIH"]

1. e4 c5 2. c3 Nc6 3. d4 cxd4 4. cxd4 d5 5. exd5 Qxd5 6. Nf3 e5 7. Nc3 Bb4 8. Be3 Bg4 9. Be2 exd4 10. 0-0 Bxc3 11. bxc3 Nf6 12. Nxd4 Bxe2 13. Qxe2 0-0 14. Nxc6 Qxc6 15. Bd4 Ne4 16. Rfe1 Rfe8 17. Qg4 f6 18. Re3 Ng5 19. Rae1 Rxe3 20. Rxe3 Re8 21. Rxe8+ Qxe8 22. h4 h5 23. Qf5 Qe1+ 24. Kh2 Ne4 25. Qd5+ Kf8 26. Qxh5 b6 27. Qf5 Nd2 28. h5 Nf1+ 29. Kh3 Nd2 30. Qc8+ Kf7 31. Qd7+ Kf8 32. Qd8+ Kf7 33. Qd5+ Kf8 34. Be3 Qh1+ 35. Kg4 Qd1+ 36. Kf4 Qa4+ 37. Qd4 Nc4 38. Kf5 Qc6 39. g4 Kf7 40. Kf4 Ne5 41. Qe4 g5+ 42. hxg6+ Nxg6+ 43. Kf3 Nh4+ 44. Kf4 Qd6+ 0-1

[Event "BIH-chT 15th"]
[Site "Bihac"]
[Date "2016.07.17"]
[Round "2.1"]
[White "Drasko, Milan"]
[Black "Kurtcehajic, Suad"]
[Result "1-0"]
[WhiteElo "2457"]
[BlackElo "2040"]
[PlyCount "99"]
[EventDate "2016.07.16"]
[EventType "team-tourn"]
[EventRounds "9"]
[EventCountry "BIH"]
[SourceTitle "CBM 173 Extra"]
[Source "ChessBase"]
[SourceDate "2016.08.29"]
[SourceVersion "1"]
[SourceVersionDate "2016.08.29"]
[SourceQuality "1"]
[WhiteTeam "Sarajevo Bosna"]
[BlackTeam "Gorazde"]
[WhiteTeamCountry "BIH"]
[BlackTeamCountry "BIH"]

1. Nf3 d5 2. g3 Nf6 3. Bg2 Bg4 4. 0-0 c6 5. d3 e6 6. c4 Bd6 7. Be3 Nbd7 8. cxd5 Nxd5 9. Bg5 Be7 10. Bxe7 Qxe7 11. Nbd2 0-0 12. Qb3 Qb4 13. Qxb4 Nxb4 14. Nc4 Bxf3 15. Bxf3 Nc2 16. Rac1 Nd4 17. Kg2 Nxf3 18. Kxf3 Rfd8 19. Na5 Rab8 20. b4 e5 21. Rc3 f6 22. Rb1 Kf7 23. e3 f5 24. Ke2 Ke6 25. f4 exf4 26. gxf4 Kd5 27. Kf3 Re8 28. e4+ fxe4+ 29. dxe4+ Ke6 30. Rd1 g6 31. Rcd3 Nb6 32. Nb3 Ke7 33. Nc5 Red8 34. Rxd8 Rxd8 35. Rxd8 Kxd8 36. Nxb7+ Kc7 37. Nc5 Kd6 38. Ke3 Nc4+ 39. Kd4 Nd2 40. e5+ Ke7 41. h3 g5 42. f5 h5 43. f6+ Kf7 44. Ke3 Nc4+ 45. Ke4 g4 46. hxg4 hxg4 47. Kf5 Nxe5 48. Kxe5 g3 49. Ne4 g2 50. Ng5+ 1-0

[Event "Sarajevo Bosna op 46th"]
[Site "Sarajevo"]
[Date "2016.05.30"]
[Round "4"]
[White "Hadzovic, Amir"]
[Black "Kurtcehajic, Suad"]
[Result "1-0"]
[WhiteElo "2218"]
[BlackElo "2044"]
[PlyCount "73"]
[EventDate "2016.05.28"]
[EventType "swiss"]
[EventRounds "9"]
[EventCountry "BIH"]
[SourceTitle "EXT 2019"]
[Source "ChessBase"]
[SourceDate "2018.10.10"]
[SourceVersion "1"]
[SourceVersionDate "2018.10.10"]
[SourceQuality "1"]

1. Nf3 d5 2. g3 Nf6 3. Bg2 e6 4. d3 c6 5. 0-0 Qc7 6. Re1 Nbd7 7. e4 dxe4 8. dxe4 e5 9. Nbd2 Be7 10. b3 0-0 11. Bb2 Re8 12. a3 a5 13. h3 Bc5 14. Qe2 b5 15. c3 Ba6 16. b4 Ba7 17. Nh4 c5 18. Nf5 c4 19. Rad1 g6 20. Ne3 Bxe3 21. Qxe3 Rac8 22. Bc1 Bb7 23. Qg5 Kg7 24. Nf1 axb4 25. axb4 Nf8 26. Ne3 Re6 27. Nd5 Qb8 28. Qh6+ Kh8 29. Nxf6 Rxf6 30. Bg5 Rd6 31. Qh4 Nd7 32. Be7 Rd3 33. Bf1 Rxd1 34. Rxd1 Nf8 35. Bd6 Qa8 36. Bxe5+ Kg8 37. Qf6 1-0

[Event "BIH-chT1A 22nd"]
[Site "Tuzla"]
[Date "2015.10.17"]
[Round "3.1"]
[White "Kurtcehajic, Suad"]
[Black "Salkic, Midhat"]
[Result "0-1"]
[WhiteElo "2057"]
[BlackElo "1999"]
[PlyCount "115"]
[EventDate "2015.10.16"]
[EventType "tourn"]
[EventRounds "9"]
[EventCountry "BIH"]
[SourceTitle "CBM 169 Extra"]
[Source "ChessBase"]
[SourceDate "2015.12.18"]
[SourceVersion "1"]
[SourceVersionDate "2015.12.18"]
[SourceQuality "1"]

1. e4 c5 2. c3 d5 3. exd5 Qxd5 4. d4 e6 5. Nf3 Nf6 6. Bd3 Be7 7. Be3 Nc6 8. 0-0 0-0 9. dxc5 Rd8 10. Nd4 Bxc5 11. Nxc6 bxc6 12. Bxc5 Qxd3 13. Qxd3 Rxd3 14. Bd4 Ba6 15. Rc1 Rd8 16. Na3 Nd5 17. g3 Rd7 18. Rd1 Ne7 19. Rxd3 Bxd3 20. Rd1 Ba6 21. Rd2 f6 22. Be3 Rb7 23. c4 e5 24. b3 Kf7 25. Rd8 Nf5 26. Bc5 h5 27. Nc2 Rc7 28. Ra8 Rd7 29. Bxa7 Bb7 30. Rb8 c5 31. Rxb7 Rxb7 32. Bxc5 Ke6 33. Kf1 Nd4 34. Bxd4 exd4 35. Nxd4+ Ke5 36. Nb5 Ke6 37. a4 Kd7 38. Ke2 Kc6 39. Kd3 Rd7+ 40. Kc3 Rd1 41. Nd4+ Kb6 42. b4 Rc1+ 43. Nc2 Rf1 44. c5+ Kb7 45. f4 h4 46. Nd4 Rc1+ 47. Kd3 h3 48. b5 Rxc5 49. Ke3 Kb6 50. a5+ Kb7 51. Kf3 f5 52. a6+ Kb6 53. Ne6 Rc3+ 54. Kf2 Rc2+ 55. Kg1 Rg2+ 56. Kh1 Re2 57. Kg1 Rxe6 58. Kf2 0-1

[Event "BIH-chT 14th"]
[Site "Prijedor"]
[Date "2015.09.13"]
[Round "9.3"]
[White "Kurtcehajic, Suad"]
[Black "Galic, Ivan"]
[Result "1-0"]
[WhiteElo "2053"]
[BlackElo "2382"]
[PlyCount "71"]
[EventDate "2015.09.05"]
[EventType "team-tourn"]
[EventRounds "9"]
[EventCountry "BIH"]
[SourceTitle "EXT 2016"]
[Source "ChessBase"]
[SourceDate "2015.10.08"]
[SourceVersion "1"]
[SourceVersionDate "2015.10.08"]
[SourceQuality "1"]
[WhiteTeam "Gorazde"]
[BlackTeam "Siroki Brijeg"]
[WhiteTeamCountry "BIH"]
[BlackTeamCountry "BIH"]

1. e4 c5 2. c3 Nf6 3. e5 Nd5 4. d4 cxd4 5. cxd4 e6 6. Nf3 d6 7. Bc4 Nb6 8. Bd3 Nc6 9. Nc3 Nb4 10. Be4 N4d5 11. Bd2 Be7 12. 0-0 0-0 13. Qb1 g6 14. Bd3 Nxc3 15. Bxc3 Bd7 16. exd6 Bxd6 17. Ne5 Nd5 18. Bd2 Bc6 19. Qd1 Qb6 20. Bh6 Rfd8 21. Qf3 Be8 22. Rad1 Be7 23. Be4 Qxb2 24. Rd2 Qa3 25. Rd3 Qd6 26. Rb3 Qa6 27. Rfb1 b5 28. h4 Qb6 29. Rd1 Bxh4 30. Bxg6 hxg6 31. Nxg6 Kh7 32. Nxh4 Kxh6 33. Qg4 Nf4 34. Qxf4+ Kg7 35. Rg3+ Kf8 36. Qf6 1-0